| 000 | 00726nam a2200217Ii 4500 | ||
|---|---|---|---|
| 003 | JO-AjNU | ||
| 008 | 230605s9999||||xx |||||||||||||| ||und|| | ||
| 017 | _a2004/4/926 | ||
| 040 |
_aJO-AjNU _bara _erda _cJO-AjNU |
||
| 041 | _aara | ||
| 050 | 1 | 4 | _aDS154.9.M37.M3434 2004 |
| 100 | 3 |
_aتاليف ملكاوي، فوزي علي شهاب, _eauthor _910372 |
|
| 245 | 0 | 0 | _aملكا في الركب: جولة في ماضي ملكا وحاضرها |
| 250 | _aط1 | ||
| 264 | 3 | 1 | _aاربد: المؤلف، 2004 |
| 300 |
_a250ص _bخرائط توضيحية |
||
| 336 |
_atext _btxt _2rdacontent |
||
| 337 |
_aunmediated _bn _2rdamedia |
||
| 338 |
_avolume _bnc _2rdacarrier |
||
| 650 | 4 |
_aاربد(الاردن ) تاريخ _910373 |
|
| 999 |
_aA1773 _c5341 _d5341 |
||